| 000 | 00638nam a22001937a 4500 | ||
|---|---|---|---|
| 999 |
_c189622 _d189622 |
||
| 005 | 20220707164426.0 | ||
| 010 | _aUR-11633 | ||
| 020 |
_a9789391238254 _c250.00 |
||
| 035 | _aU-10188 | ||
| 037 |
_bDBAD/PUB _a- |
||
| 082 | _a841.08 | ||
| 100 | _aطلعت انجم فخر | ||
| 245 |
_aنگار شات فخر / _cطلعت انجم فخر _hا ر د و |
||
| 246 |
_aNigar-E-Shaat Fakhr / _bby Talat Anjum Fakhr |
||
| 260 |
_aNew Delhi _bEducational Publishing House _c2021 ء |
||
| 270 |
_aH.o. D1/16, Ansari Road, Daryaganj _bNew Delhi _e110002 |
||
| 300 |
_a160 ص _c22cm(Hb) |
||
| 942 |
_2ddc _cUR _h841.08 _mط ل ع |
||